Введение в структурную кристаллографию. Зонная теория металлов и полупроводников (Запись № 11078282)

Подробности
000 -МАРКЕР
контрольное поле 02598nam0a2200397 4500
001 - ИДЕНТИФИКАТОР ЗАПИСИ
контрольное поле RU\NLR\BIBL_A\011938448
005 - ИДЕНТИФИКАТОР ВЕРСИИ
контрольное поле 20190521165724.0
010 ## - МЕЖДУНАРОДНЫЙ СТАНДАРТНЫЙ НОМЕР КНИГИ (ISBN)
Номер (ISBN) 978-5-906949-66-0
Тираж 300
021 ## - НОМЕР ГОСУДАРСТВЕННОЙ РЕГИСТРАЦИИ
Код страны Российская Федерация
Номер КН-П-19-000106
Номер Листа государственной регистраци КН-П-19-0006
035 ## - ДРУГИЕ СИСТЕМНЫЕ НОМЕРА
Идентификатор записи (NLR Aleph) 011938448
035 ## - ДРУГИЕ СИСТЕМНЫЕ НОМЕРА
Идентификатор записи (RuMoRGB)009859497
100 ## - ДАННЫЕ ОБЩЕЙ ОБРАБОТКИ
Данные общей обработки 20190215d2018 u y0rusy50 ca
101 0# - ЯЗЫК РЕСУРСА
Язык текста, звукозаписи и т.д. русский
102 ## - СТРАНА ПУБЛИКАЦИИ ИЛИ ПРОИЗВОДСТВА
Страна публикации Российская Федерация
105 ## - ПОЛЕ КОДИРОВАННЫХ ДАННЫХ: ТЕКСТОВЫЕ МАТЕРИАЛЫ, МОНОГРАФИЧЕСКИЕ
Кодированные данные о монографическом текстовом документе a|||zzzz000zy
200 1# - ЗАГЛАВИЕ И СВЕДЕНИЯ ОБ ОТВЕТСТВЕННОСТИ
Основное заглавие Введение в структурную кристаллографию. Зонная теория металлов и полупроводников
Сведения, относящиеся к заглавию учебно-методическое пособие
-- [для университетов по программе бакалавриата]
Первые сведения об ответственности Министерство образования и науки РФ, ФГБОУ ВО "Марийский государственный университет", Физико-математический факультет
Последующие сведения об ответственности [составитель - Шилова Елена Владимировна]
210 ## - ПУБЛИКАЦИЯ, РАСПРОСТРАНЕНИЕ И ДР.
Место издания, распространения и т.д. Йошкар-Ола
Имя издателя, распространителя и т. д. ФГБОУ ВО "Марийский государственный университет"
Дата издания, распространения и т.д. 2018
215 ## - ФИЗИЧЕСКАЯ ХАРАКТЕРИСТИКА
Специфическое обозначение материала и объем 151 с.
Другие сведения о физической характеристике ил., табл.
Размеры 20
320 ## - ПРИМЕЧАНИЯ О НАЛИЧИИ В ДОКУМЕНТЕ БИБЛИОГРАФИИ / УКАЗАТЕЛЯ
Текст примечания Библиогр.: с. 138 (14 назв.)
517 1# - ДРУГИЕ ВАРИАНТЫ ЗАГЛАВИЯ
Вариант заглавия Зонная теория металлов и полупроводников
606 1# - НАИМЕНОВАНИЕ ТЕМЫ КАК ПРЕДМЕТ
Наименование темы Кристаллография
Формальный подзаголовок Учебно-методические пособия для высших учебных заведений
Системный номер авторитетной/нормативной записи 999249
Идентификатор авторитетной/нормативной записи RU\NLR\AUTH\6660897
606 1# - НАИМЕНОВАНИЕ ТЕМЫ КАК ПРЕДМЕТ
Наименование темы Зонная теория
Формальный подзаголовок Учебно-методические пособия для высших учебных заведений
Системный номер авторитетной/нормативной записи 2156298
Идентификатор авторитетной/нормативной записи RU\NLR\AUTH\661298112
606 1# - НАИМЕНОВАНИЕ ТЕМЫ КАК ПРЕДМЕТ
Наименование темы Конденсированное состояние вещества
Формальный подзаголовок Учебно-методические пособия для высших учебных заведений
Тематический подзаголовок Структура
-- Симметрия
Системный номер авторитетной/нормативной записи 1365752
Идентификатор авторитетной/нормативной записи RU\NLR\AUTH\66571797
610 0# - НЕКОНТРОЛИРУЕМЫЕ ПРЕДМЕТНЫЕ ТЕРМИНЫ
Предметный термин зонная теория
686 1# - ИНДЕКСЫ ДРУГИХ КЛАССИФИКАЦИЙ
Индекс В37я73-1
686 1# - ИНДЕКСЫ ДРУГИХ КЛАССИФИКАЦИЙ
Индекс В371.13я73-1
686 1# - ИНДЕКСЫ ДРУГИХ КЛАССИФИКАЦИЙ
Индекс В36я73-1
702 #1 - ИМЯ ЛИЦА - ВТОРИЧНАЯ ОТВЕТСТВЕННОСТЬ
Начальный элемент ввода Шилова
Часть имени, кроме начального элемента ввода Е. В.
Расширение инициалов личного имени Елена Владимировна
Код отношения Составитель
712 02 - НАИМЕНОВАНИЕ ОРГАНИЗАЦИИ - ВТОРИЧНАЯ ОТВЕТСТВЕННОСТЬ
Код отношения Прочие
Начальный элемент ввода Марийский государственный университет
Структурное подразделение Физико-математический факультет
Идентифицирующий признак Йошкар-Ола
Системный номер авторитетной/нормативной записи 337868
Идентификатор авторитетной/нормативной записи RU\NLR\AUTH\8810226635
942 ## - ДОПОЛНИТЕЛЬНЫЕ ЭЛЕМЕНТЫ ЗАПИСИ (АБИС)
Тип экземпляра АБИС Книга
980 ## - КОЛЛЕКЦИЯ
Название коллекции НБР
980 ## - КОЛЛЕКЦИЯ
Название коллекции Национальная библиография

Нет доступных экземпляров.